000 00862nam a22002297a 4500
999 _c15945
_d15945
003 AR-CdUCM
008 190430b ||||| |||| 00| 0 spa d
040 _aMUNICIPALIDAD PROVINCIAL DEL CUSCO
_cBIBLIOTECA MUNICIPAL DEL CUSCO
082 _a330 /
_bB72
100 _aBolton, Roger E.
_935199
245 _aDefensa y desarme :
_bLa economía de los EE.UU. ante el desarme mundial /
260 _aMéxico :
_bGrijalbo,
_c1968.
300 _a157 páginas ;
_c19 cm.
440 _aColección 70
_92202
505 _aContenido : Los gastos de la defensa, ¿carga o puntual para la economía? Roger E. Bolton -- La crisis en los trabajos especializados U. S. New y World Report ...
650 _aPollita
_935200
650 _aCrisis
_96852
650 _aEE,UU
_96851
700 _aGonzales Vega, Ángel
_914492
942 _2ddc
_cLIBROS
945 _arah
_d30/04/2019